00561 2200229 4500001002100000005001500021035002000036007000300056008004100059020001800100082001000118084001600128100001100144245003400155250001100189260004800200300003400248650001800282990001000300990001000310990001100320INLIS00000000000926220220614013318 a0010-0721000088ta220614 g 0 ind  a9789792286892 a746.4 a746.4 IND k0 aINDIRA1 aKreasi Bantal Peluk /cIndira aCet. 1 aJakarta :bPT Gramedia Pustaka Utama,c2012 a88 hlm :b.ilus ;c18 x 24 cm 4aSENI MENJAHIT a14466 a14466 a14466A